| 000 -LEADER |
| fixed length control field |
00613cam a22002291 4500 |
| 001 - CONTROL NUMBER |
| control field |
8200701 |
| 005 - DATE AND TIME OF LATEST TRANSACTION |
| control field |
20180109080107.0 |
| 008 - FIXED-LENGTH DATA ELEMENTS--GENERAL INFORMATION |
| fixed length control field |
720906s1881 nyuac 000 0 eng |
| 010 ## - LIBRARY OF CONGRESS CONTROL NUMBER |
| LC control number |
04016907 |
| 035 ## - SYSTEM CONTROL NUMBER |
| System control number |
(OCoLC)399244 |
| 040 ## - CATALOGING SOURCE |
| Original cataloging agency |
DLC |
| Transcribing agency |
OAU |
| Modifying agency |
OCoLC |
| -- |
CSdP |
| -- |
DLC |
| 041 ## - LANGUAGE CODE |
| Language code of text/sound track or separate title |
eng |
| 042 ## - AUTHENTICATION CODE |
| Authentication code |
premarc |
| 080 ## - UNIVERSAL DECIMAL CLASSIFICATION NUMBER |
| Universal Decimal Classification number |
82 ROL |
| 082 ## - DEWEY DECIMAL CLASSIFICATION NUMBER |
| Classification number |
82 ROL |
| 100 1# - Rafti |
| Rafti |
21 |
| 101 ## - Shkurtesa |
| Shkurtesa |
GJL |
| 245 00 - TITLE STATEMENT |
| Title |
Shakespeare's comedy of the Taming of the shrew. |
| Statement of responsibility, etc |
Ed., with notes, by William J. Rolfe ... |
| 740 0# - ADDED ENTRY--UNCONTROLLED RELATED/ANALYTICAL TITLE |
| Uncontrolled related/analytical title |
Taming of the shrew. |
| 906 ## - LOCAL DATA ELEMENT F, LDF (RLIN) |
| a |
7 |
| b |
cbc |
| c |
oclcrpl |
| d |
u |
| e |
ncip |
| f |
19 |
| g |
y-gencatlg |
| 942 ## - ADDED ENTRY ELEMENTS (KOHA) |
| Source of classification or shelving scheme |
|
| Item type |
Books |